Terra Viva: (Record no. 210531)

MARC details
000 -LEADER
fixed length control field 00580 a2200193 4500
005 - DATE AND TIME OF LATEST TRANSACTION
control field 20250326165922.0
010 ## - LCCN (DPL NO)
LC control number ENG-144290
020 ## - INTERNATIONAL STANDARD BOOK NUMBER
International Standard Book Number 9789385606403
Terms of availability 600.00
035 ## - SYSTEM CONTROL NUMBER
System control number EN-127822
037 ## - SOURCE OF ACQUISITION
Source of stock number/acquisition DBAD
037 ## - SOURCE OF ACQUISITION
Source of stock number/acquisition DBAD
082 ## - DEWEY DECIMAL CLASSIFICATION NUMBER
Classification number 921
100 ## - MAIN ENTRY--PERSONAL NAME
Personal name Shiva, Vandana
245 ## - TITLE STATEMENT
Title Terra Viva:
Remainder of title My Life in a Biodiversity of Movements/
Statement of responsibility, etc by Vandana Shiva
260 ## - PUBLICATION, DISTRIBUTION, ETC. (IMPRINT)
Place of publication, distribution, etc New Delhi
Name of publisher, distributor, etc Women Unlimited
Date of publication, distribution, etc 2022
270 ## - ADDRESS
Address K-36, Hauz Khas Enclave, Ground Floor,
City New Delhi
Postal code 110 016
300 ## - PHYSICAL DESCRIPTION
Extent 250p.
Dimensions 22cm(pb)
942 ## - ADDED ENTRY ELEMENTS (KOHA)
Institution code [OBSOLETE] dpl
Item type English Books
Source of classification or shelving scheme Dewey Decimal Classification
Classification part 921
Call number suffix SHI
Holdings
Withdrawn status Lost status Not for loan Collection code Home library Current library Date acquired Source of acquisition Cost, normal purchase price Full call number Barcode Copy number Cost, replacement price Koha item type
      Non-fiction Ashok Vihar Ashok Vihar 26/03/2025 Delivery of Books Act Division 600.00 921 SHI EN-127822 1 600.00 English Books

© Delhi Public Library
Hit Counter
free hit counter